000 00356nam a22001697a 4500
003 UA-OsUOA
001 4075
007 ta
008 20050721b un ||||| |||| 00| 0 ukr d
100 _aSharp
700 _aMartha et Charles.
942 _cBK
040 _aUA-OsUOA
_cUA-OsUOA
_dUA-OsUOA
245 _aLes cowboys.
_bFrench
955 _a2
650 7 _2UDC
999 _c290237
_d290237